000 00446nam a2200181Ia 4500
001 12840
005 20260306163010.0
008 260306t2010||||xx |||||||||||||| ||spa||
041 _aESP
082 _aRD 345.2003
_bO73
100 _aOrtega Ribero, Germán
_eAUT
245 0 _aDiccionario del sistema penal acusatorio
260 _c2010
300 _a360 páginas :
_c24 cm.
650 _aGEN
654 _aCDE
942 _cDIC
_dJUS
_fJUS
_2ddc
_n
999 _c12840
_d12840